000
00217nam a22000857a 4500
008
161202b xxu||||| |||| 00| 0 eng d
100
_9
1723
_a
IMPULSE
245
_a
I get it all you want to know
260
_a
MUMBAI
_b
P.P
_c
2010
999
_c
4435
_d
4435